All Dua Lipa Songs Over 1 Billion Streams - Statistics

General Stats
  • This quiz has been taken 33 times
  • The average score is 9 of 12
Answer Stats
Hint Song % Correct
2.35 (DaBaby) Levitating
96%
1.08 Levitating
96%
2.47 (Calvin Harris) One kiss
96%
2.34 New Rules
88%
2.41 (Elton John, PNAU) Cold heart
83%
2.96 Don't start now
79%
1.33 Break my heart
67%
1.74 IDGAF
67%
1.43 (Sean Paul) No Lie
67%
1.10 Physical
63%
1.14 Dance the night
54%
1.41 (Martin Garrix) Scared to be lonely
54%
No matching quizzes found
Score Distribution
Percent of People with Each Score
Percentile by Number Answered
Your Score History
You have not taken this quiz